000 00601nam a2200205Ia 4500
003 GCL
008 140319s9999 xx 000 0 ara d
040 _aGCL /
_cGCL
082 0 4 _a792.052
_bك ا
100 1 _aكامل يوسف
245 1 0 _aالاخراج المسرحى /
_cكامل يوسف
700 1 _aرافت اخنوخ الدويرى (مترجم)
700 1 _aكارتر، كونراد
300 _a120 ص
490 _aالالف كتاب
_v0
650 0 4 _aالمسرح
650 0 4 _aالفنون المسرحية
650 0 4 _aالتمثيل فى المسرح
942 _2ddc
_cBK
999 _c45868
_d45868